Luzern: Gemeinden nach Einwohnerzahl - Statistiken

Allgemein
  • Dieses Quiz wurde 111 mal gespielt
  • Das Durchschnittsergebnis liegt bei 10 aus 15
Antwortstatistiken
Einwohnerzahl Wahlkreis Gemeinde % Korrekt
82'620 - Luzern
100%
31'039 Hochdorf Emmen
90%
28'245 Luzern-Land Kriens
90%
10'361 - Sursee
88%
9872 - Hochdorf
87%
8910 - Willisau
87%
14'211 Luzern-Land Horw
79%
14'066 Luzern-Land Ebikon
72%
7410 Luzern-Land Malters
52%
7562 Luzern-Land Meggen
52%
7715 Hochdorf Rothenburg
46%
7255 Willisau Reiden
43%
6661 Sursee Beromünster
42%
7174 Sursee Neuenkirch
42%
7041 Sursee Ruswil
37%
Keine übereinstimmenden Quizze gefunden
Verteilung der Resultate
Anzahl Personen mit jedem Resultat
Perzentil nach korrekt beantworteten Fragen
Ihre Resultats-Entwicklung
Sie haben dieses Quiz noch nicht gespielt